000 02194nam0a2200349 4500
001 RU\NLR\BIBL_A\022315672
005 20260420014310.0
010 _a978-5-7994-1083-4
_9500
021 _aRU
_bКН-П-24-033580
_9КН-П-24-4300
021 _aRU
_bКН-П-24-033580
_9КН-П-24-5056
035 _a(NLR Aleph) 022315672
090 _a13664728
_c13664728
100 _a20240906d2023 k y0rusy50 ca
101 0 _arus
102 _aRU
105 _aa z 000yy
181 0 _ai
_baxxe
182 0 _an
200 1 _aКонцепция реализации природно-климатических проектов в Российской Федерации
_eмонография
_fС. С. Морковина, Е. А. Панявина, А. В. Иванова [и др.]
_gМинистерство науки и высшего образования Российской Федерации, Федеральное государственное бюджетное образовательное учреждение высшего образования "Воронежский государственный лесотехнический университет имени Г. Ф. Морозова"
203 _aТекст
_bвизуальный
_cнепосредственный
210 _aВоронеж
_cФГБОУ ВО "Воронежский государственный лесотехнический университет имени Г. Ф. Морозова"
_d2023
215 _a158 с.
_cил., цв. ил., табл.
_d22
320 _aБиблиогр.: с. 153-158 (42 назв.)
606 1 _aКлиматология лесная
_yРоссийская Федерация
_92646165
_3RU\NLR\AUTH\6601745687
686 1 _aП342.51(2Р)
701 1 _aМорковина
_bС. С.
_gСветлана Сергеевна
701 1 _aПанявина
_bЕ. А.
_gЕкатерина Анатольевна
701 1 _7ca
_8rus
_aИванова
_bА. В.
_cканд. биол. наук
_gАнна Владимировна
_9170433
_3RU\NLR\AUTH\770170483
942 _cBOOK
980 _aNB